|
|
|
|
| LEADER |
01044cam a2200253 7i4500 |
| 001 |
0000080214 |
| 005 |
20231024090000.0 |
| 020 |
|
|
|a 9783658375966 (electronic book)
|
| 090 |
0 |
0 |
|a QA76.76.A65
|b S74 2022
|
| 100 |
1 |
|
|a Steyer, Ralph
|
| 245 |
1 |
0 |
|a Building web applications with Vue.js :
|b MVVM patterns for conventional and single-page websites
|c Ralph Steyer.
|
| 264 |
|
|
|a Wiesbaden, Germany:
|b Springer,
|c 2022.
|
| 300 |
|
|
|a 1 online resource (xix, 219 pages):
|b illustrations, text file, PDF.
|
| 336 |
|
|
|a text
|2 rdacontent
|
| 337 |
|
|
|a computer
|2 rdamedia
|
| 338 |
|
|
|a online resource
|2 rdacarrier
|
| 650 |
|
0 |
|a JavaScript (Computer program language)
|
| 650 |
|
0 |
|a Web applications --
|x Programming
|
| 650 |
|
0 |
|a Vue.js (Software framework)
|
| 655 |
|
0 |
|a Electronic books
|
| 856 |
4 |
2 |
|u http://library.unisel.edu.my/web/guest/mylibrary
|
| 997 |
|
|
|a Communication, Visual Art & Computing, Faculty
|b Computing, Department
|
| 998 |
|
|
|a Computer Science (Software Engineering), Degree
|
| 999 |
|
|
|a EBO0022331
|b EBOOK
|c EBOOK
|e Electronic resources
|